00331pab a2200121 454500008004000000100002200040245006300062260000900125300001300134362001000147650001800157773003400175180718b2009 xxu||||| |||| 00| 0 eng d aDeshpande, Satish aThe practice of social theory and the politics of location c2009 ap.40-45. a7 Mar aGlobalization aEconomic and Political Weekly